[Event "Online Olym Div3 C"]
[Site "Chess.com INT"]
[Date "2020.08.09"]
[Round "9.1"]
[White "Andrianarison, Ny Koloina"]
[Black "Thornton, Filipina"]
[Result "0-1"]
[WhiteElo "1413"]
[BlackElo "1738"]
[PlyCount "108"]
[EventDate "2020.08.07"]
[EventType "team-tourn (rapid)"]
[EventRounds "9"]
[EventCountry "USA"]
[SourceTitle "CBM 198"]
[Source "ChessBase"]
[SourceDate "2020.10.31"]
[SourceVersion "1"]
[SourceVersionDate "2020.10.31"]
[SourceQuality "1"]
[WhiteTeam "Madagascar"]
[BlackTeam "Malta"]
[WhiteTeamCountry "MAD"]
[BlackTeamCountry "MLT"]

1. d4 d5 2. Bf4 e6 3. e3 Bd6 4. Bd3 Bxf4 5. exf4 Nf6 6. c3 Nbd7 7. Nf3 c5 8. Nbd2 b6 9. Ne5 0-0 10. Ndf3 Bb7 11. 0-0 Ne4 12. Nxd7 Qxd7 13. Ne5 Qe7 14. Qh5 h6 15. Rad1 Rad8 16. g4 Qf6 17. f5 exf5 18. Qxf5 Qh4 19. f3 Ng5 20. Kh1 Bc8 21. Qf4 Nh3 22. Qg3 Qxg3 23. hxg3 Ng5 24. Kg2 f5 25. Nc6 Rde8 26. Bxf5 Bxf5 27. gxf5 Rxf5 28. Nxa7 Re2+ 29. Rf2 Rxf2+ 30. Kxf2 Rxf3+ 31. Kg2 Rf7 32. Nb5 Ne4 33. Rf1 cxd4 34. Rxf7 Kxf7 35. Nxd4 Kf6 36. Kf3 Nd2+ 37. Kf4 Nc4 38. b3 Nb2 39. a4 Nd1 40. c4 dxc4 41. bxc4 Nb2 42. Ke4 Nxc4 43. Kd3 Nd6 44. Nb5 Nxb5 45. axb5 g5 46. Kc4 Ke6 47. Kd4 Kd6 48. Ke4 Kc5 49. Kf5 Kxb5 50. Kg6 Kc5 51. Kxh6 g4 52. Kg5 b5 53. Kxg4 b4 54. Kf3 b3 0-1

[Event "Online Olym Div3 C"]
[Site "Chess.com INT"]
[Date "2020.08.07"]
[Round "2.1"]
[White "Andrianarison, Ny Koloina"]
[Black "Abdulzahra, Sali Abbas"]
[Result "0-1"]
[WhiteElo "1413"]
[BlackElo "1911"]
[PlyCount "68"]
[EventDate "2020.08.07"]
[EventType "team-tourn (rapid)"]
[EventRounds "9"]
[EventCountry "USA"]
[SourceTitle "CBM 198"]
[Source "ChessBase"]
[SourceDate "2020.10.31"]
[SourceVersion "1"]
[SourceVersionDate "2020.10.31"]
[SourceQuality "1"]
[WhiteTeam "Madagascar"]
[BlackTeam "Iraq"]
[WhiteTeamCountry "MAD"]
[BlackTeamCountry "IRQ"]

1. d4 d5 2. Bf4 Nf6 3. Nf3 e6 4. e3 Bd6 5. Bd3 Bxf4 6. exf4 Qd6 7. Qd2 Nc6 8. c3 Ne7 9. Ne5 a6 10. 0-0 0-0 11. Qe2 c5 12. Nd2 cxd4 13. cxd4 Nd7 14. Qh5 Nf6 15. Qh3 Ng6 16. g3 Nd7 17. Ndf3 Ndxe5 18. Nxe5 f5 19. Rfc1 Qb6 20. Nxg6 hxg6 21. Rc2 Qxd4 22. Be2 Bd7 23. Rac1 Rac8 24. b3 Rxc2 25. Rxc2 Bc6 26. Qh4 Qe4 27. Rxc6 bxc6 28. Bf1 Re8 29. Bg2 Qb1+ 30. Bf1 Qxa2 31. Qg5 Kf7 32. h4 Rh8 33. Kg2 a5 34. Ba6 Qxb3 0-1

[Event "Online Olym Div3 C"]
[Site "Chess.com INT"]
[Date "2020.08.07"]
[Round "3.1"]
[White "Atikankhotchasee, Manunthon"]
[Black "Andrianarison, Ny Koloina"]
[Result "1-0"]
[WhiteElo "1622"]
[BlackElo "1413"]
[PlyCount "71"]
[EventDate "2020.08.07"]
[EventType "team-tourn (rapid)"]
[EventRounds "9"]
[EventCountry "USA"]
[SourceTitle "CBM 198"]
[Source "ChessBase"]
[SourceDate "2020.10.31"]
[SourceVersion "1"]
[SourceVersionDate "2020.10.31"]
[SourceQuality "1"]
[WhiteTeam "Thailand"]
[BlackTeam "Madagascar"]
[WhiteTeamCountry "THA"]
[BlackTeamCountry "MAD"]

1. d4 d5 2. Bg5 c6 3. e3 h6 4. Bh4 Bf5 5. c4 Nd7 6. Nc3 Ngf6 7. Nf3 e6 8. h3 Be7 9. Rc1 0-0 10. Be2 dxc4 11. Bxc4 b5 12. Be2 a6 13. 0-0 Rc8 14. Bg3 c5 15. d5 exd5 16. Nxd5 Nxd5 17. Qxd5 Be6 18. Qe4 Bxa2 19. Ra1 Nf6 20. Qc2 Qd5 21. Rfd1 Qe6 22. Nd2 Ra8 23. b3 Bxb3 24. Nxb3 c4 25. Nd4 Qb6 26. Bf3 Ra7 27. Nc6 Rb7 28. Nxe7+ Rxe7 29. Bd6 Rfe8 30. Bxe7 Rxe7 31. Qc3 Ra7 32. Rab1 a5 33. Qxc4 b4 34. Qc6 Qb8 35. Qa4 Ne8 36. Rd5 1-0

[Event "Heusenstamm Sparkassen op-B 6th"]
[Site "Heusenstamm"]
[Date "2019.11.24"]
[Round "7"]
[White "Englert, Lin"]
[Black "Andrianarison, Ny Koloina"]
[Result "1/2-1/2"]
[WhiteElo "1498"]
[BlackElo "1398"]
[PlyCount "103"]
[EventDate "2019.11.21"]
[EventType "swiss"]
[EventRounds "7"]
[EventCountry "GER"]
[SourceTitle "CBM 194 Extra"]
[Source "ChessBase"]
[SourceDate "2020.03.31"]
[SourceVersion "1"]
[SourceVersionDate "2020.03.31"]
[SourceQuality "1"]

1. d4 d5 2. c4 e5 3. dxe5 d4 4. Nf3 Nc6 5. e3 Bb4+ 6. Bd2 dxe3 7. fxe3 Bg4 8. Bxb4 Qxd1+ 9. Kxd1 Nxb4 10. Nc3 0-0-0+ 11. Kc1 Ne7 12. h3 Bxf3 13. gxf3 Nf5 14. e4 Ng3 15. Rg1 Nxf1 16. Rxf1 Nd3+ 17. Kc2 Nxe5 18. b3 Rd7 19. f4 Nc6 20. Nd5 Ne7 21. Nxe7+ Rxe7 22. e5 f6 23. exf6 gxf6 24. Rae1 Rhe8 25. Rxe7 Rxe7 26. Kd3 c5 27. Kd2 Kd7 28. Kd3 f5 29. Rg1 Kc6 30. Rg5 Rf7 31. Rh5 Kb6 32. Kc3 Kc7 33. Kd3 a6 34. a4 Kb6 35. Kc2 Ka5 36. Kc3 b6 37. h4 b5 38. axb5 axb5 39. Rg5 b4+ 40. Kc2 Kb6 41. Rh5 Kc7 42. Rh6 Kd7 43. Kd3 Rg7 44. Rf6 Rg3+ 45. Kc2 Rg4 46. Rxf5 Rxh4 47. Rxc5 Rxf4 48. Rh5 Rf7 49. c5 Kc6 50. Kd3 Kb5 51. Kc2 Rc7 52. Kb2 1/2-1/2